00486nam a22001577a 450000500170000000800410001702000260005804100130008408200150009710000270011224500620013925000200020126000520022130000300027365000250030320240109064342.0231026b |||||||| |||| 00| 0 eng d a409045810 ; 409045829 aEnglish  a346.7 NOR  aBelcher, CI lEnglish  aNorman's Purchase and Sale in South Africa /cCI Belcher  aFourth Edition  aDurban : bButterworths & Co. (Pty) Ltd, c1972 blix, 521 pages ;c26 cm.  aLegal practicebLaw